000
00253nam a2200121Ia 4500
008
190216s9999||||xx |||||||||||||| ||und||
100
_a
Kumar M S
245
0
_a
Manassariyum Kili
260
_b
Lipi Pub
300
_a
79
650
_a
Novel
942
_c
BK
999
_c
28907
_d
28907